Internet of Nano things and wireless body area Networks(WBAN) (Record no. 35988)
[ view plain ]
| 000 -LEADER | |
|---|---|
| fixed length control field | 00285 a2200109 4500 |
| 000 - LEADER | |
| fixed length control field | nam a22 7a 4500 |
| 020 ## - INTERNATIONAL STANDARD BOOK NUMBER | |
| International Standard Book Number | 9781032599144 |
| 100 ## - MAIN ENTRY--PERSONAL NAME | |
| Personal name | Turjiman, Fadi-AI |
| 9 (RLIN) | 102 |
| 245 ## - TITLE STATEMENT | |
| Title | Internet of Nano things and wireless body area Networks(WBAN) |
| 260 ## - PUBLICATION, DISTRIBUTION, ETC. | |
| Name of publisher, distributor, etc. | CRC |
| Date of publication, distribution, etc. | 2023 |
| 264 ## - PRODUCTION, PUBLICATION, DISTRIBUTION, MANUFACTURE, AND COPYRIGHT NOTICE | |
| Name of producer, publisher, distributor, manufacturer | CRC |
No items available.